000
00255nam a2200097Ia 4500
001
657886
005
20250826154624.0
008
250824s9999 xx 000 0 und d
245
0
_a
KUMARBAZ ANTİK YENİ
_c
DOSTOYEVSKİ
260
_b
ANTİK DÜNYA KLASİKLERİ
999
_c
657886
_d
657886